| 000 | 00532nam a22001575i 4500 | ||
|---|---|---|---|
| 001 | 172285 | ||
| 003 | ES-MaACL | ||
| 005 | 20230906214849.0 | ||
| 008 | 090623s1946 fr |||| | fre d | ||
| 080 | _a821.133.1-2"19" | ||
| 100 | 1 |
_aNatanson, Jacques. _984985 |
|
| 245 | 1 | 3 |
_aLe plongeur de chez Maxim _b: comédie en un acte / _cJacques Natanson. |
| 260 |
_a[S.l.] : _bPublications Théâtrales "G.T.", _c1946. |
||
| 300 |
_a28 p. ; _c21 cm. |
||
| 852 |
_aES-MaACL _j2251-F-16 _9R.140938 _z.- Biblioteca Jacinto Martínez Lacalle |
||
| 999 |
_c172285 _d172285 |
||